Normal view
MARC view
Entry Personal Name
001 - CONTROL NUMBER
- control field: 6378
003 - CONTROL NUMBER IDENTIFIER
- control field: BD-RjUL
005 - DATE AND TIME OF LATEST TRANSACTION
- control field: 20221219183924.0
008 - FIXED-LENGTH DATA ELEMENTS
- fixed length control field: 221219|| aca||aabn | a|a d
040 ## - CATALOGING SOURCE
- Original cataloging agency: BD-RjUL
- Transcribing agency: BD-RjUL
100 ## - HEADING--PERSONAL NAME
- Personal name: Islam, M.N. Supervisor
670 ## - SOURCE DATA FOUND
- Source citation: Work cat.: (BD-RjUL)80991: Hakim, Md. Obaidul 6377, A Study of electrica and optical properties of transparent conducting SnO2 and In2O3 thin Films prepared by pyrosol process /, 1986